000 00363nam a2200133 a 4500
005 20140414132119.0
008 111122s19uu xx 00 eng d
050 _aER
_bW72P 1996
100 _aKidd, Ronald
245 _aThe perfect pet /
_cby Ronald Kidd.
260 _bAdvance publishers,
_c1996.
440 _aDisney's out and about with Pooh
999 _c114988
_d114988